00525nam a22002057a 450000500170000001000110001702000100002803500110003803700160004904000120006508200150007724500720009226000440016427000130020830000240022150000200024565000130026565000210027870000200029920170124110110.0 a458453 c00.00 a458453 bCen Lib/Ret aDPLbEN a230.1bKRI aKrishna : cedited by Milton Singerbmyths, rites, and attitudes / aHonolulubEast west centre press c1966 bHonolulu axi,277p. c21cm(Hb) aIncludes index  aKrishna  aHindu Mythology  aSinger, Milton